Developing country debt and economic performance
Αποθηκεύτηκε σε:
| Άλλοι συγγραφείς: | , |
|---|---|
| Μορφή: | Βιβλίο |
| Γλώσσα: | English |
| Δημοσίευση: |
Chicago :
University of Chicago Press,
1989
|
| Σειρά: | National Bureau of Economic Research project report
|
| Θέματα: | |
| Ετικέτες: |
Προσθήκη ετικέτας
Δεν υπάρχουν, Καταχωρήστε ετικέτα πρώτοι!
|
MARC
| LEADER | 00000cam a2200000 i 4500 | ||
|---|---|---|---|
| 001 | 1/26477 | ||
| 008 | 960212s1989 eng d | ||
| 020 | |a 0226733327 ((v. 1 : alk. paper)) | ||
| 035 | |l 10022682 | ||
| 040 | |a GR-MY-UA |b gre |e aacr | ||
| 041 | 0 | |a eng | |
| 082 | 0 | |a 336.3435091724 | |
| 245 | 1 | 0 | |a Developing country debt and economic performance / |c edited by Jeffrey D. Sachs |
| 260 | |a Chicago : |b University of Chicago Press, |c 1989 | ||
| 300 | |a 3 v.; |b ill.; |c 24 cm | ||
| 490 | 1 | |a National Bureau of Economic Research project report | |
| 500 | |a Vol. 3: edited by Jeffrey D. Sachs and Susan M. Collins | ||
| 500 | |a Papers presented at a conference held in Washington, D.C. on Sept. 21-23, 1987 | ||
| 504 | |a Includes bibliographies and indexes | ||
| 505 | 0 | |a v. 1. The international financial system -- v. 2. Country studies--Argentina, Bolivia, Brazil, Mexico -- v. 3. Country studies--Indonesia, Korea, Philippines, Turkey | |
| 650 | 0 | 0 | |a Debts, External |z Developing countries |x Congresses. |
| 650 | 0 | 0 | |a International finance |x Congresses. |
| 651 | 0 | |a Developing countries |x Economic conditions |x Congresses. | |
| 700 | 1 | |a Sachs, Jeffrey. | |
| 700 | 1 | |a Collins, Susan Margaret. | |
| 830 | 0 | |a National Bureau of Economic Research project report | |
| 852 | |a INST |b CHIOS |e 19960212 |h 336.3435091724 DEV |p 005200003020 |q 005200003020 |t BK |y 0 |z Vol.I | ||
| 852 | |a INST |b CHIOS |e 19960212 |h 336.3435091724 DEV |p 005200003020 |q 005200003020 |t BK |v Vol.I: |y 0 |z Vol.I | ||
| 853 | |a INST |b CHIOS |h 336.3435091724 DEV | ||
| 909 | |a Χ |b 022689 | ||